Gramática griega del Nuevo Testamento.

Sparad:
Bibliografiska uppgifter
Huvudupphovsman: Delgado Jara, Inmaculada (autora)
Materialtyp: Okänd
Språk:engelska
Publicerad: Pamplona, España: Verbo Divino, 2013 - 2023
Serie:Instrumentos para el estudio dela Biblia ;
Ämnen:
Taggar: Lägg till en tagg
Inga taggar, Lägg till första taggen!

MARC

LEADER 00000 a2200000 4500
003 CL-VaPUC
005 20231116105900.0
008 231113k20132023 ||||| |||| 00| 0 eng d
999 |c 442347  |d 442345 
020 |a 9788499456140 (t.I) 
020 |a 9788490739051 (t.II) 
040 |c Pontificia Universidad Católica de Valparaíso 
082 |a 487.4 DEL 2013 (t.I)  |a 487.4 DEL 2023 (t.II) 
100 |a Delgado Jara, Inmaculada  |9 857729  |e autora 
245 |a Gramática griega del Nuevo Testamento. 
260 |a Pamplona, España:  |b Verbo Divino,   |c 2013 - 2023 
300 |a 2 volúmenes.  
490 |a Instrumentos para el estudio dela Biblia ;  |n XXIII,   |n XXVI. 
505 |a t.I. Morfología. t.II.Sintaxis. Con clave comentada de las prácticas. 
583 |k GC  |c 20231113 
650 |a Idioma griego   |x Morfología   |x Sintaxis  |x Biblia  |9 885742 
650 |a Griego bíblico  |x Morfología   |x Sintaxis   |9 885743 
942 |2 ddc  |c BK 
952 |0 0  |1 0  |2 ddc  |4 0  |6 487_400000000000000_DEL_2013  |7 0  |8 A  |9 592388  |a BIBTEO  |b BIBTEO  |c GEN  |d 2023-11-10  |e 8  |g 31500.00  |h t.I  |i 5659419  |o 487.4 DEL 2013  |p 5659419  |r 2025-01-17  |t 1  |v 31500.00  |w 2023-11-10  |y BK  |k ICR 
952 |0 0  |1 0  |2 ddc  |4 0  |6 487_400000000000000_DEL_2023  |7 0  |8 A  |9 592391  |a BIBTEO  |b BIBTEO  |c GEN  |d 2023-11-10  |e 8  |g 21000.00  |h t.II  |i 5659420  |l 1  |m 1  |o 487.4 DEL 2023  |p 5659420  |r 2025-01-17  |s 2024-11-28  |t 1  |v 21000.00  |w 2023-11-10  |y BK  |k ICR